000 00713nam a2200241Ia 4500
003 OSt
005 20220918222345.0
006 a|||||r|||| 00| 0
007 ta
008 220917b |||||||| |||| 00| 0 eng d
024 _a216,584
037 _cTextual
040 _aARTS
_cARTS
_beng
041 _2eng
_aeng
082 _aW, P0
100 _aGoverde Henri ...(et...al) Ed.
_9141432
245 0 _aPower in contemporary politics
_b theories, practices, globalizations
260 _aLondon
_bSAGE Publications
_c2000
300 _axii, 243p
_ccm.
650 _aINTERNATIONAL RELATIONS; HISTORY
_919789
942 _hW, P0
_cTEXL
_2CC
999 _c275283
_d275283